| 000 | 00566nam a2200205Ia 4500 | ||
|---|---|---|---|
| 003 | OSt | ||
| 005 | 20250806141833.0 | ||
| 008 | 210707s1983 xx 000 0 und d | ||
| 040 | _cAL | ||
| 041 | _aKannada | ||
| 082 | _aK894.3 MULV | ||
| 100 |
_aMULIYA TIMMAPPAYYA _9136722 _dತಿಮ್ಮಪ್ಪಯ್ಯ ಮುಳಿಯ |
||
| 245 |
_aVira bankeya. _bವೀರ ಬಂಕೇಯ |
||
| 260 |
_aBengaluru _bVishva Kannada Sammelana _c1983 |
||
| 300 | _a116,iv p | ||
| 365 |
_b2 _cINR |
||
| 563 | _aPB | ||
| 650 |
_aKannada Fiction _9136723 |
||
| 942 |
_2ddc _cBK |
||
| 999 |
_c180145 _d180145 |
||